The passing of traditional society: modernizing the middle east

সংরক্ষণ করুন:
গ্রন্থ-পঞ্জীর বিবরন
প্রধান লেখক: Lerner, Daniel (Author)
বিন্যাস: গ্রন্থ
ভাষা:ইংরেজি
প্রকাশিত: Londres Free Press of Glencoe 1964
বিষয়গুলি:
ট্যাগগুলো: ট্যাগ যুক্ত করুন
কোনো ট্যাগ নেই, প্রথমজন হিসাবে ট্যাগ করুন!

MARC

LEADER 00000nam a2200000 a 4500
001 UCQ0324
003 CL-VaPUC
008 980627e19640000UK |||||||||||||||||eng|d
082 0 4 |a 303.44  |b LER  |2 21 
100 |a Lerner, Daniel  |e author  |9 452132 
245 1 4 |a The passing of traditional society: modernizing the middle east 
300 |a 466 p 
942 |c BK 
945 |d 19980627 00:00:00  |a crobeson 
260 |a Londres  |b Free Press of Glencoe  |c 1964 
650 7 |a MODERNIZACION  |2 CL-VaPUC  |9 335311 
650 0 |a Cambio social   |9 256857 
650 0 |a Evolución social  |9 260808 
650 7 |a ESTRUCTURA SOCIAL  |2 CL-VaPUC  |9 413547 
651 7 |a MEDIO ESTE  |2 CL-VaPUC  |9 413548 
583 |a last modification  |c 19980627 00:00:00  |k Rodrigo Vera 
999 |c 271463  |d 271461 
952 |0 0  |1 0  |4 0  |6 303_440000000000000_LER_1964  |7 0  |8 A  |9 306120  |a BIBHIS  |b BIBHIS  |d 2019-11-20  |i 1209817  |o 303.44 LER 1964  |p 1209817  |r 2025-01-20  |w 2019-11-20  |y BK  |k HIS